Неотложная урология (Запись № 1933509)

Подробности
000 -МАРКЕР
контрольное поле 01844nam0a2200505 4500
001 - ИДЕНТИФИКАТОР ЗАПИСИ
контрольное поле RU\NLR\bibl\1825080
005 - ИДЕНТИФИКАТОР ВЕРСИИ
контрольное поле 20250616162345.0
010 ## - МЕЖДУНАРОДНЫЙ СТАНДАРТНЫЙ НОМЕР КНИГИ (ISBN)
Номер (ISBN) 978-5-8948-1894-8
Тираж 2000
021 ## - НОМЕР ГОСУДАРСТВЕННОЙ РЕГИСТРАЦИИ
Код страны Российская Федерация
Номер 2011-75817
Номер Листа государственной регистраци 5390
035 ## - ДРУГИЕ СИСТЕМНЫЕ НОМЕРА
Идентификатор записи (nilc)LIBNET\0000169573
035 ## - ДРУГИЕ СИСТЕМНЫЕ НОМЕРА
Идентификатор записи 2VIL\RUSMED\0000195467
035 ## - ДРУГИЕ СИСТЕМНЫЕ НОМЕРА
Идентификатор записи (NLR Aleph) 001815611
100 ## - ДАННЫЕ ОБЩЕЙ ОБРАБОТКИ
Данные общей обработки 20110928d2011 |||y0rusy50 ca
101 0# - ЯЗЫК РЕСУРСА
Язык текста, звукозаписи и т.д. русский
102 ## - СТРАНА ПУБЛИКАЦИИ ИЛИ ПРОИЗВОДСТВА
Страна публикации Российская Федерация
105 ## - ПОЛЕ КОДИРОВАННЫХ ДАННЫХ: ТЕКСТОВЫЕ МАТЕРИАЛЫ, МОНОГРАФИЧЕСКИЕ
Кодированные данные о монографическом текстовом документе a z |||||
200 1# - ЗАГЛАВИЕ И СВЕДЕНИЯ ОБ ОТВЕТСТВЕННОСТИ
Основное заглавие Неотложная урология
Сведения, относящиеся к заглавию руководство для врачей
Первые сведения об ответственности Л. Е. Белый
210 ## - ПУБЛИКАЦИЯ, РАСПРОСТРАНЕНИЕ И ДР.
Место издания, распространения и т.д. Москва
Имя издателя, распространителя и т. д. МИА
Дата издания, распространения и т.д. 2011
215 ## - ФИЗИЧЕСКАЯ ХАРАКТЕРИСТИКА
Специфическое обозначение материала и объем 467, [1] с.
Другие сведения о физической характеристике ил.
Размеры 20
320 ## - ПРИМЕЧАНИЯ О НАЛИЧИИ В ДОКУМЕНТЕ БИБЛИОГРАФИИ / УКАЗАТЕЛЯ
Текст примечания Библиогр. в конце кн. (569 назв.)
541 0# - ПЕРЕВОД ЗАГЛАВИЯ, СДЕЛАННЫЙ КАТАЛОГИЗАТОРОМ
Заглавие Urgent urology
Сведения, относящиеся к заглавию manual for physicians
606 1# - НАИМЕНОВАНИЕ ТЕМЫ КАК ПРЕДМЕТ
Наименование темы НЕОТЛОЖНЫЕ СОСТОЯНИЯ
Формальный подзаголовок руководства
Код системы rus_mesh
Идентификатор авторитетной/нормативной записи R4741
606 1# - НАИМЕНОВАНИЕ ТЕМЫ КАК ПРЕДМЕТ
Наименование темы EMERGENCIES
Код системы rus_mesh
Идентификатор авторитетной/нормативной записи E4741
606 1# - НАИМЕНОВАНИЕ ТЕМЫ КАК ПРЕДМЕТ
Наименование темы УРОЛОГИЧЕСКИЕ БОЛЕЗНИ
Формальный подзаголовок руководства
Код системы rus_mesh
Идентификатор авторитетной/нормативной записи R14787
606 1# - НАИМЕНОВАНИЕ ТЕМЫ КАК ПРЕДМЕТ
Наименование темы UROLOGIC DISEASES
Код системы rus_mesh
Идентификатор авторитетной/нормативной записи E14787
606 1# - НАИМЕНОВАНИЕ ТЕМЫ КАК ПРЕДМЕТ
Наименование темы Неотложная урология
Формальный подзаголовок Руководства, пособия и т.п.
Системный номер авторитетной/нормативной записи 1705512
Идентификатор авторитетной/нормативной записи RU\NLR\auth\66759592
686 ## - ИНДЕКСЫ ДРУГИХ КЛАССИФИКАЦИЙ
Индекс 76.29.43
Код системы
686 ## - ИНДЕКСЫ ДРУГИХ КЛАССИФИКАЦИЙ
Индекс 76.75.75
Код системы
686 ## - ИНДЕКСЫ ДРУГИХ КЛАССИФИКАЦИЙ
Индекс 76.01.33
Код системы
686 ## - ИНДЕКСЫ ДРУГИХ КЛАССИФИКАЦИЙ
Индекс C23.550.291.781
Издание 2011
Код системы
686 ## - ИНДЕКСЫ ДРУГИХ КЛАССИФИКАЦИЙ
Индекс N06.230.100.083
Издание 2011
Код системы
686 ## - ИНДЕКСЫ ДРУГИХ КЛАССИФИКАЦИЙ
Индекс N06.850.376
Издание 2011
Код системы
686 ## - ИНДЕКСЫ ДРУГИХ КЛАССИФИКАЦИЙ
Индекс C12.777
Издание 2011
Код системы
686 ## - ИНДЕКСЫ ДРУГИХ КЛАССИФИКАЦИЙ
Индекс C13.351.968
Издание 2011
Код системы
686 ## - ИНДЕКСЫ ДРУГИХ КЛАССИФИКАЦИЙ
Индекс Р69,3я77
700 #1 - ИМЯ ЛИЦА - ПЕРВИЧНАЯ ОТВЕТСТВЕННОСТЬ
Начальный элемент ввода Белый
Часть имени, кроме начального элемента ввода Л. Е.
Расширение инициалов личного имени Лев Евгеньевич
Код отношения Автор
801 #0 - ИСТОЧНИК ЗАПИСИ
Страна Российская Федерация
Организация ЦНМБ
Дата составления 20110928
Правила каталогизации PSBO
801 #1 - ИСТОЧНИК ЗАПИСИ
Страна Российская Федерация
Организация ЦНМБ
Дата составления 20110928
801 #2 - ИСТОЧНИК ЗАПИСИ
Страна Российская Федерация
Организация ЦНМБ
Дата составления 20111013
801 #2 - ИСТОЧНИК ЗАПИСИ
Страна Российская Федерация
Организация NLR
Дата составления 20111026
Правила каталогизации rcr
942 ## - ДОПОЛНИТЕЛЬНЫЕ ЭЛЕМЕНТЫ ЗАПИСИ (АБИС)
Тип экземпляра АБИС Книга
980 ## - КОЛЛЕКЦИЯ
Название коллекции Национальная библиография
980 ## - КОЛЛЕКЦИЯ
Название коллекции НБР
Экземпляры
Тип экземпляра Дата поступления Источник поступления Библиотека постоянного хранения Библиотека текущего хранения Место хранения Шифр хранения Штрих-код Статус экземпляра Стоимость
Книга 26.10.2011 Обязательный экземпляр РНБ (Московский) РНБ (Московский) Русский книжный фонд: издания с 1957 года 2011-3/33069 3516888    
Книга 26.10.2011 Обязательный экземпляр РНБ (Московский) РНБ (Московский) Русский книжный фонд: издания с 1957 года 2011-3/33069 3516890    
Книга 30.05.2012 Покупка РНБ (Московский) РНБ (Московский) Фонд общего зала литературы по биологии и медицине М1 Р69/Б-439 1-472446   582.00